Asian City to Country (Middle East) - Statistics

General Stats
  • This quiz has been taken 10 times
  • The average score is 16 of 20
Answer Stats
Hint Answer % Correct
Tehran Iran
100%
Kuwait City Kuwait
100%
Doha Qatar
100%
Riyadh Saudi Arabia
100%
Ankara Turkey
100%
Manama Bahrain
90%
Haifa Israel
90%
Amman Jordan
90%
Beirut Lebanon
90%
Damascus Syria
90%
Dubai United Arab Emirates
90%
Sana'a Yemen
90%
Isfahan Iran
70%
Erbil Iraq
70%
Makkah Saudi Arabia
60%
Aden Yemen
60%
Nizwa Oman
50%
Aqaba Jordan
40%
Sakaka Saudi Arabia
40%
Ras Al-Khaimah United Arab Emirates
40%
No matching quizzes found
Score Distribution
Percent of People with Each Score
Percentile by Number Answered
Your Score History
You have not taken this quiz